Normal view
MARC view
Entry Personal Name
001 - CONTROL NUMBER
- control field: 46057
003 - CONTROL NUMBER IDENTIFIER
- control field: OSt
005 - DATE AND TIME OF LATEST TRANSACTION
- control field: 20240612150051.0
008 - FIXED-LENGTH DATA ELEMENTS
- fixed length control field: 240612|| aca||aabn | a|a d
040 ## - CATALOGING SOURCE
- Original cataloging agency: OSt
- Transcribing agency: OSt
100 ## - HEADING--PERSONAL NAME
- Personal name: Reddy, B.P. Jeevan
670 ## - SOURCE DATA FOUND
- Source citation: Work cat.: (OSt)524426: Reddy, B.P. Jeevan , Constitutive functions of minority rights and social justice in India
